000 00800nam a2200265Ia 4500
005 20260429112011.0
008 260429s9999||||xx |||||||||||||| ||und||
020 _a9781032489216
041 _aEnglish
082 _a370.72
_bCHR
100 _aChristensen, Inger-Marie Falgren
245 0 _aCreating design knowledge in educational innovation :
_btheory, methods, and practice /
_cInger-Marie Falgren Christensen
250 _a1st ed.
260 _aNew Delhi :
_bRoutledge,
_c2025.
300 _axi, 289 p.; pbk
650 _a Design thinking
650 _a Pedagogy
650 _a Research methods
650 _aEducational innovation
700 _a Dohn, Nina Bonderup
700 _a Hachmann, Roland
700 _a Markauskaite, Lina
700 _a Ripley, Dwayne
942 _cTB
999 _c51826
_d51826